<?xml version="1.0" encoding="UTF-8"?>
<record
    xmlns:xsi="http://www.w3.org/2001/XMLSchema-instance"
    xsi:schemaLocation="http://www.loc.gov/MARC21/slim http://www.loc.gov/standards/marcxml/schema/MARC21slim.xsd"
    xmlns="http://www.loc.gov/MARC21/slim">

  <leader>01024nam a22001817a 4500</leader>
  <controlfield tag="005">20180913103255.0</controlfield>
  <datafield tag="010" ind1=" " ind2=" ">
    <subfield code="a">HIN-114527</subfield>
  </datafield>
  <datafield tag="020" ind1=" " ind2=" ">
    <subfield code="a">9780199485192</subfield>
    <subfield code="c">225.00</subfield>
  </datafield>
  <datafield tag="037" ind1=" " ind2=" ">
    <subfield code="b">DBAD/PUB</subfield>
  </datafield>
  <datafield tag="082" ind1=" " ind2=" ">
    <subfield code="a">342.54</subfield>
  </datafield>
  <datafield tag="100" ind1=" " ind2=" ">
    <subfield code="a">&#x916;&#x94B;&#x938;&#x932;&#x93E;,&#x92E;&#x93E;&#x918;&#x935;</subfield>
  </datafield>
  <datafield tag="245" ind1="1" ind2=" ">
    <subfield code="a">&#x92D;&#x93E;&#x930;&#x924; &#x915;&#x93E; &#x938;&#x902;&#x935;&#x93F;&#x927;&#x93E;&#x928; :</subfield>
    <subfield code="c">&#x92E;&#x93E;&#x918;&#x935; &#x916;&#x94B;&#x938;&#x932;&#x93E;, &#x92A;&#x94D;&#x930;&#x93E;&#x902;&#x936;&#x941; &#x92A;&#x94D;&#x930;&#x915;&#x93E;&#x936; &#x90F;&#x935;&#x902; &#x92E;&#x943;&#x923;&#x93E;&#x932; &#x91A;&#x928;&#x94D;&#x926;&#x94D;&#x930; &#x926;&#x94D;&#x935;&#x93E;&#x930;&#x93E;&#x905;&#x928;&#x941;&#x935;&#x93E;&#x926;&#x93F;&#x924;</subfield>
    <subfield code="b">&#x906;&#x945;&#x915;&#x94D;&#x938;&#x92B;&#x93C;&#x94B;&#x930;&#x94D;&#x921; &#x92D;&#x93E;&#x930;&#x924; &#x938;&#x902;&#x915;&#x94D;&#x937;&#x93F;&#x92A;&#x94D;&#x924; &#x92A;&#x930;&#x93F;&#x91A;&#x92F; /</subfield>
  </datafield>
  <datafield tag="246" ind1=" " ind2=" ">
    <subfield code="a">Bharat ka Sanvidhan,Oxford Bharat Sankshipt Parichy /</subfield>
  </datafield>
  <datafield tag="260" ind1=" " ind2=" ">
    <subfield code="a">&#x928;&#x908; &#x926;&#x93F;&#x932;&#x94D;&#x932;&#x940;</subfield>
    <subfield code="b">&#x906;&#x945;&#x915;&#x94D;&#x938;&#x92B;&#x93C;&#x94B;&#x930;&#x94D;&#x921; &#x92F;&#x942;&#x928;&#x93F;&#x935;&#x930;&#x94D;&#x938;&#x93F;&#x91F;&#x940; &#x92A;&#x94D;&#x930;&#x947;&#x938;</subfield>
    <subfield code="c">2018</subfield>
  </datafield>
  <datafield tag="270" ind1=" " ind2=" ">
    <subfield code="a">2/11 &#x92D;&#x942;&#x924;&#x932;,&#x905;&#x902;&#x938;&#x93E;&#x930;&#x940; &#x930;&#x94B;&#x921;,&#x926;&#x930;&#x93F;&#x92F;&#x93E;&#x917;&#x902;&#x91C;,</subfield>
    <subfield code="b">&#x928;&#x908; &#x926;&#x93F;&#x932;&#x94D;&#x932;&#x940;</subfield>
    <subfield code="e">110002</subfield>
  </datafield>
  <datafield tag="300" ind1=" " ind2=" ">
    <subfield code="a">172&#x92A;&#x943;.</subfield>
    <subfield code="c">20&#x938;&#x947;&#x92E;&#x940; (&#x905;&#x91C;&#x93F;&#x932;&#x94D;&#x926;)</subfield>
  </datafield>
  <datafield tag="942" ind1=" " ind2=" ">
    <subfield code="a">dpl</subfield>
    <subfield code="c">HN</subfield>
    <subfield code="2">ddc</subfield>
    <subfield code="h">342.54</subfield>
    <subfield code="m">&#x916;&#x94B;&#x938;&#x932;&#x93E;</subfield>
  </datafield>
  <datafield tag="999" ind1=" " ind2=" ">
    <subfield code="c">145879</subfield>
    <subfield code="d">145879</subfield>
  </datafield>
  <datafield tag="952" ind1=" " ind2=" ">
    <subfield code="0">0</subfield>
    <subfield code="1">0</subfield>
    <subfield code="4">0</subfield>
    <subfield code="7">1</subfield>
    <subfield code="8">NFIC</subfield>
    <subfield code="a">DBAD</subfield>
    <subfield code="b">BN</subfield>
    <subfield code="d">2018-07-24</subfield>
    <subfield code="e">DBAD/PUB</subfield>
    <subfield code="g">225.00</subfield>
    <subfield code="l">0</subfield>
    <subfield code="o">342.54 &#x916;&#x94B;&#x938;&#x932;&#x93E;</subfield>
    <subfield code="p">HN-86873</subfield>
    <subfield code="r">2018-07-24 00:00:00</subfield>
    <subfield code="t">1</subfield>
    <subfield code="v">225.00</subfield>
    <subfield code="y">HN</subfield>
  </datafield>
</record>
